000 01026cam a2200253 4500
008 000000n2002 000 0 eng u
020 _a1901171140
035 _a(Sirsi) u117208
050 _a692.8
110 _aAssociation of Consultant Architects
_91156
245 _aSPC2000 : ACA standard form of specialised contract for project partnering.
260 _aBromley, Kent
_bAssociation of Consultant Architects
_c2002
300 _ax,44p. ; 30cm.
350 _a16.00
520 _aSpecialist Contract for Project Partnering intended for use with PPC2000, the ACA Standard Form of Contract for Project Partnering. It should be utilised with the support of experienced legal and/or other professional advice on its implementation
650 _aBUILT ENVIRONMENT-BUILDING CONTRACT FORMS
650 _aPPC2000
650 _aPROJECT PARTNERING
650 _aSPC 2000
650 _aSPECIALIST CONTRACTS
650 _aCONSTRUCTION INDUSTRY
690 _aBUILT ENVIRONMENT-BUILDING CONTRACT FORMS
942 _n0
999 _c101955
_d101955